The computer comes of age : the people, the hardware, and the software
Guardat en:
| Autor principal: | |
|---|---|
| Format: | Llibre |
| Idioma: | Undetermined |
| Publicat: |
Cambridge, Mass.
MIT Press
1984
|
| Matèries: | |
| Etiquetes: |
Afegir etiqueta
Sense etiquetes, Sigues el primer a etiquetar aquest registre!
|
| Thư viện lưu trữ: | Trung tâm Học liệu Trường Đại học Cần Thơ |
|---|
| LEADER | 00617nam a2200205Ia 4500 | ||
|---|---|---|---|
| 001 | CTU_95123 | ||
| 008 | 210402s9999 xx 000 0 und d | ||
| 082 | |a 001.64 | ||
| 082 | |b M837 | ||
| 100 | |a Moreau, R. | ||
| 245 | 4 | |a The computer comes of age : | |
| 245 | 4 | |b the people, the hardware, and the software | |
| 245 | 0 | |c R. Moreau ; translated by J. Howlett. | |
| 260 | |a Cambridge, Mass. | ||
| 260 | |b MIT Press | ||
| 260 | |c 1984 | ||
| 650 | |a Computers,Programming languages (electronic computers) | ||
| 650 | |x History,History | ||
| 904 | |i Năm | ||
| 980 | |a Trung tâm Học liệu Trường Đại học Cần Thơ | ||